[Event "Melbourne Rating"]
[Site "Melbourne"]
[Date "2002.07.26"]
[Round "7"]
[White "Hyland, Peter"]
[Black "Pyke, Malcolm"]
[Result "0-1"]
[WhiteElo "2106"]
[BlackElo "2065"]
[PlyCount "114"]
[EventDate "2002.07.13"]
[EventType "tourn"]
[EventRounds "9"]
[EventCountry "AUS"]
[SourceTitle "EXT 2003"]
[Source "ChessBase"]
[SourceDate "2002.11.25"]
[SourceVersion "1"]
[SourceVersionDate "2002.11.25"]
[SourceQuality "1"]

1. e4 c5 2. d4 cxd4 3. c3 dxc3 4. Nxc3 Nc6 5. Nf3 e6 6. Bc4 a6 7. a4 Nge7 8. 0-0 Ng6 9. Qe2 Be7 10. Be3 0-0 11. Rfd1 Qc7 12. Rac1 Qa5 13. Nd4 Nce5 14. Ba2 Nc6 15. Kh1 Nxd4 16. Rxd4 b5 17. Bb3 Bf6 18. Rd3 Qb4 19. Bc2 Ne5 20. Rd4 Qxb2 21. Nd1 Qa3 22. axb5 axb5 23. Qxb5 Ba6 24. Qb4 Qxc1 25. Bxc1 Nc6 26. Qxf8+ Kxf8 27. Rxd7 Be2 28. Rd2 Ra1 29. Ba3+ Rxa3 30. Rxe2 Nd4 31. Rd2 Ra1 32. Rxd4 Bxd4 33. Kg1 e5 34. Kf1 Ke7 35. Ke2 Kd6 36. Bb3 f6 37. Bg8 h6 38. Ne3 Bxe3 39. Kxe3 Ra3+ 40. Ke2 Kc5 41. g3 Kd4 42. Bh7 g5 43. Bg6 h5 44. Bxh5 Kxe4 45. f3+ Kd4 46. Bf7 Ra7 47. Be6 Rh7 48. h3 Ra7 49. Kf2 Rb7 50. g4 Rb2+ 51. Kg3 Ke3 52. Bd5 Rd2 53. Bc6 Rd1 54. Bb7 Rg1+ 55. Kh2 Kf2 56. h4 gxh4 57. Bc6 Rg3 0-1

[Event "Melbourne Rating"]
[Site "Melbourne"]
[Date "2002.07.14"]
[Round "3"]
[White "Hyland, Peter"]
[Black "Szuveges, Narelle"]
[Result "1-0"]
[WhiteElo "2106"]
[BlackElo "2021"]
[PlyCount "89"]
[EventDate "2002.07.13"]
[EventType "tourn"]
[EventRounds "9"]
[EventCountry "AUS"]
[SourceTitle "EXT 2003"]
[Source "ChessBase"]
[SourceDate "2002.11.25"]
[SourceVersion "1"]
[SourceVersionDate "2002.11.25"]
[SourceQuality "1"]

1. d4 Nf6 2. Nc3 g6 3. e4 d6 4. f3 Bg7 5. Be3 0-0 6. Qd2 e5 7. Nge2 Nc6 8. 0-0-0 exd4 9. Nxd4 Nxd4 10. Bxd4 Be6 11. g4 a6 12. h4 b5 13. h5 c5 14. Be3 Qa5 15. Kb1 b4 16. Nd5 Bxd5 17. exd5 Rfb8 18. Bc4 Nd7 19. hxg6 fxg6 20. Bh6 Bh8 21. Qh2 Ne5 22. Bf4 Ra7 23. Bxe5 Bxe5 24. f4 Bf6 25. g5 Bh8 26. Qe2 Qd8 27. Rde1 a5 28. Rh3 Qf8 29. Qe6+ Rf7 30. f5 gxf5 31. Rxh7 Kxh7 32. Rh1+ Kg8 33. g6 Qg7 34. gxf7+ Kf8 35. Qxd6+ Kxf7 36. Qe6+ Kf8 37. Qxf5+ Ke8 38. Bb5+ Rxb5 39. Rxh8+ Qxh8 40. Qc8+ Ke7 41. Qxh8 c4 42. Qe5+ Kd7 43. Qe6+ Kd8 44. Qd6+ Ke8 45. Qc6+ 1-0

[Event "AUS-ch reserves"]
[Site "Melbourne"]
[Date "2001.12.31"]
[Round "4"]
[White "McCart, Richard"]
[Black "Hyland, Peter"]
[Result "0-1"]
[WhiteElo "1689"]
[BlackElo "1960"]
[PlyCount "122"]
[EventDate "2001.12.28"]
[EventType "swiss"]
[EventRounds "11"]
[EventCountry "AUS"]
[SourceTitle "EXT 2003"]
[Source "ChessBase"]
[SourceDate "2002.11.25"]
[SourceVersion "1"]
[SourceVersionDate "2002.11.25"]
[SourceQuality "1"]

1. Nf3 b6 2. c4 Bb7 3. e3 Nf6 4. Nc3 e6 5. Be2 Bb4 6. 0-0 0-0 7. Qc2 Bxc3 8. Qxc3 c5 9. b3 Ne4 10. Qc2 d5 11. d3 Nd6 12. Bb2 Nc6 13. a3 Rc8 14. Rad1 Qe7 15. Rd2 f6 16. Re1 Qf7 17. Nh4 d4 18. Bf1 e5 19. Qd1 Rce8 20. g3 Ne7 21. Bh3 g5 22. Ng2 Nef5 23. Bg4 Ng7 24. Bc1 h5 25. Be2 g4 26. Rf1 Ndf5 27. e4 Nd6 28. f4 Qd7 29. f5 Bxe4 30. dxe4 Nxe4 31. Nh4 Nxd2 32. Qxd2 Kf7 33. b4 Rh8 34. Rf2 e4 35. Rf4 d3 36. Rf1 Qd4+ 37. Qe3 dxe2 38. Re1 Rd8 39. Rxe2 Qxe3+ 40. Bxe3 Rd1+ 41. Kf2 cxb4 42. axb4 Rhd8 43. c5 bxc5 44. Bxc5 R8d2 45. Bxa7 Rxe2+ 46. Kxe2 Ra1 47. Be3 Rh1 48. Bf4 Rxh2+ 49. Ke3 Rb2 50. Bd6 Ne8 51. Bc5 Rb3+ 52. Kf2 Nc7 53. Ng6 Nd5 54. Nh4 Rb2+ 55. Ke1 Nxb4 56. Bxb4 Rxb4 57. Ke2 Rb3 58. Kf2 Ke7 59. Ng6+ Kd6 60. Nf8 Ke5 61. Ne6 Rf3+ 0-1